Lettre de Mgr. l'Évèque d'Orléans au clergé de son diocèse : (Record no. 153599)
[ view plain ]
| 000 -LEADER | |
|---|---|
| campo de control de longitud fija | 00938nam a2200205 i 4500 |
| 001 - NÚMERO DE CONTROL | |
| campo de control | 153599 |
| 003 - IDENTIFICADOR DE NÚMERO DE CONTROL | |
| campo de control | ES-MaACL |
| 005 - FECHA Y HORA DE LA ÚLTIMA TRANSACCIÓN | |
| campo de control | 20250728181404.0 |
| 008 - DATOS DE LONGITUD FIJA--INFORMACIÓN GENERAL | |
| campo de control de longitud fija | 000804s1869 fr |||| | fre d |
| 080 ## - NÚMERO DE LA CLASIFICACIÓN DECIMAL UNIVERSAL | |
| Número de la Clasificación Decimal Universal | 262.131 |
| 110 1# - ENTRADA PRINCIPAL--NOMBRE DE ENTIDAD CORPORATIVA | |
| Nombre de entidad corporativa o nombre de jurisdicción como elemento de entrada | Orleans (Diócesis). |
| Unidad subordinada | Obispo (1849-1878 : Félix Dupanloup) |
| 9 (RLIN) | 176169 |
| 245 10 - MENCIÓN DEL TÍTULO | |
| Título | Lettre de Mgr. l'Évèque d'Orléans au clergé de son diocèse : |
| Resto del título | observations sur la controverse soulevée relativement a la definition de l'infaillibilité au prochain concile. |
| 260 ## - PUBLICACIÓN, DISTRIBUCIÓN, ETC. | |
| Lugar de publicación, distribución, etc. | Paris : |
| Nombre del editor, distribuidor, etc. | Charles Douniol, |
| Fecha de publicación, distribución, etc. | 1869 ( |
| Lugar de fabricación/manufactura | Orleans : |
| Fabricante | Imp. Ernest Colas) |
| 300 ## - DESCRIPCIÓN FÍSICA | |
| Extensión | 60 p. ; |
| Dimensiones | 21 cm. |
| 597 ## - NOTA DE DESCRIPCIÓN FÍSICA | |
| NOTA DE DESCRIPCIÓN FÍSICA | Antep. |
| 650 #4 - PUNTO DE ACCESO ADICIONAL DE MATERIA--TÉRMINO DE MATERIA | |
| Término de materia o nombre geográfico como elemento de entrada | Papas- |
| Subdivisión general | Infalibilidad. |
| 9 (RLIN) | 15820 |
| 700 1# - ENTRADA AGREGADA--NOMBRE PERSONAL | |
| Nombre de persona | Dupanloup, Félix, |
| Fechas asociadas al nombre | 1802-1878 |
| 9 (RLIN) | 46079 |
| 852 4# - LOCALIZACIÓN | |
| Ubicación | ES-MaACL |
| Nota libre | T-112-F-5 |
| -- | - Enc. hol., falto de cub. original |
| -- | - Enc. en un vol. facticio |
| Encuadernación | -- Edic.: corregir encabezamiento, debe entrar por la Diócesis |
| Estatus retirado | Estado de pérdida | Estado de daño | No para préstamo | Colección | Biblioteca de origen | Biblioteca actual | Ubicación en estantería | Fecha de adquisición | Total de préstamos | Signatura topográfica completa | Código de barras | Visto por última vez | Precio de reemplazo | Tipo de ítem Koha |
|---|---|---|---|---|---|---|---|---|---|---|---|---|---|---|
| Colección de folletos | Biblioteca del Ateneo de Madrid | Biblioteca del Ateneo de Madrid | Depósito folletos | 17/01/2008 | T-112-F-5 | 1160569 | 23/02/2023 | 23/02/2023 | Folleto |
